Súhrn najdôležitejších zmien v mzdovej oblasti od 1. júla 2003
Zákonom č. 210/2003 Z.z., ktorým sa mení a dopĺňa zákon č. 311/2001 Z.z. Zákonník práce v znení neskorších predpisov, bol s účinnosťou od 1. 7. 2003 novelizovaný Zákonník práce. Novela obsahuje cca 200 zmien. Prehľad najdôležitejších zmien v mzdovej oblasti.
Na minha lista:
| Autor principal: | |
|---|---|
| Formato: | Capítulo de Livro |
| Idioma: | eslovaco |
| Assuntos: | |
| Tags: |
Sem tags, seja o primeiro a adicionar uma tag!
|
MARC
| LEADER | 00000naa$a2200000$$$4500 | ||
|---|---|---|---|
| 001 | 0002663 | ||
| 005 | 20250701083902.9 | ||
| 041 | 0 | |a slo | |
| 044 | |a SK | ||
| 245 | 1 | 0 | |a Súhrn najdôležitejších zmien v mzdovej oblasti od 1. júla 2003 |c aut. Mária Ďurecová |
| 520 | |a Zákonom č. 210/2003 Z.z., ktorým sa mení a dopĺňa zákon č. 311/2001 Z.z. Zákonník práce v znení neskorších predpisov, bol s účinnosťou od 1. 7. 2003 novelizovaný Zákonník práce. Novela obsahuje cca 200 zmien. Prehľad najdôležitejších zmien v mzdovej oblasti. | ||
| 610 | 2 | 0 | |a mzdy |
| 610 | 2 | 0 | |a zákonník práce |
| 610 | 2 | 0 | |a novelizácia |
| 610 | 2 | 0 | |a reformy |
| 610 | 2 | 0 | |a pomer pracovný |
| 610 | 2 | 0 | |a pomer pracovný na dobu určitú |
| 610 | 2 | 0 | |a čas pracovný |
| 100 | 1 | |a Ďurecová, Mária | |